Statistiques concernant Culture Générale - Série 1815

Cliquez ici pour prendre le quiz!

Statistiques générales

  • Ce quiz a été pris 110 fois
  • Le résultat moyen est 4 sur 10

Statistiques - réponses

QuestionRéponse% Correct
Remplacez une lettre à "cabane" pour vous retrouver dans un complot.cabale
78%
Dans quel pays se situe la ville de Bloemfontein ?Afrique du Sud
72%
Quel petit pays, enclavé dans le Sénégal,est devenue indépendant du Royaume Uni en 1965 ?Gambie
71%
Dans quelle ville belge trouve-t-on un perron-fontaine, sur la Place du Marché, au sommet duquel on peut voir le groupe des Trois Grâces ?Liège
46%
Où est né le Général De Gaulle ?Lille
34%
Ce sable mouvant des bords de mer est aussi un prénom féminin.lise
27%
Quelle espèce d'animal est le "cob" ?cheval
14%
Quel anglicisme signifie "résumé, condensé d'un livre" ?digest
11%
Dans quel pays est situé le lac "Inle" ?Myanmar
10%
Comment appelle-t-on un vent en provenance du sud-est ?suet
0%

Distribution des résultats

Percentile par nombre de réponses

% des personnes avec chaque résultat

Votre développement - résultats

Vous n’avez pas pris ce quiz